Albums de la série «Les Aventures de Tintin» - Statistiques

Statistiques générales
  • Ce quiz a été pris 340 fois
  • Le résultat moyen est 18 sur 24
Statistiques - réponses
Hint Réponse % Correct
No. 2 (juillet 1931) Tintin au Congo
96%
No. 3 (novembre 1932) Tintin en Amérique
89%
No. 17 (août 1954) On a marché sur la Lune
88%
No. 5 (septembre 1936) Le Lotus bleu
87%
No. 16 (septembre 1953) Objectif Lune
86%
No. 1 (septembre 1930) Tintin au pays des Soviets
84%
No. 21 (janvier 1963) Les Bijoux de la Castafiore
82%
No. 4 (octobre 1934) Les Cigares du pharaon
80%
No. 11 (octobre 1943) Le Secret de La Licorne
79%
No. 12 (novembre 1944) Le Trésor de Rackham le Rouge
79%
No. 13 (septembre 1948) Les Sept Boules de cristal
78%
No. 19 (juillet 1958) Coke en stock
77%
No. 20 (janvier 1960) Tintin au Tibet
77%
No. 7 (novembre 1938) L'Île Noire
76%
No. 23 (janvier 1976) Tintin et les Picaros
75%
No. 18 (octobre 1956) L'Affaire Tournesol
74%
No. 9 (novembre 1941) Le Crabe aux pinces d'or
72%
No. 6 (novembre 1937) L'Oreille cassée
71%
No. 8 (août 1939) Le Sceptre d'Ottokar
70%
No. 10 (décembre 1942) L'Étoile mystérieuse
68%
No. 22 (janvier 1968) Vol 714 pour Sydney
66%
No. 14 (septembre 1949) Le Temple du Soleil
65%
No. 15 (décembre 1950) Tintin au pays de l'or noir
65%
No. 24 (octobre 1986, inachevé) Tintin et l'Alph-Art
50%
Aucun quiz correspondant
Distribution des résultats
% des personnes avec chaque résultat
Percentile par nombre de réponses
Votre historique - résultats
Vous n’avez pas pris ce quiz